The international inductive study Bible : (Record no. 6827)

MARC details
000 -LEADER
fixed length control field 00889cam a2200253 a 4500
001 - CONTROL NUMBER
control field 669533
003 - CONTROL NUMBER IDENTIFIER
control field GBCCL
005 - DATE AND TIME OF LATEST TRANSACTION
control field 20251127142529.0
008 - FIXED-LENGTH DATA ELEMENTS--GENERAL INFORMATION
fixed length control field 950127s1995 oruab 000 0 eng
020 ## - INTERNATIONAL STANDARD BOOK NUMBER
International Standard Book Number 1565072987 (hardcover)
020 ## - INTERNATIONAL STANDARD BOOK NUMBER
International Standard Book Number 1565073509 (leather : alk. paper)
020 ## - INTERNATIONAL STANDARD BOOK NUMBER
International Standard Book Number 1565073495 (bonded)
020 ## - INTERNATIONAL STANDARD BOOK NUMBER
International Standard Book Number 1565073592 (hardcover indexed)
020 ## - INTERNATIONAL STANDARD BOOK NUMBER
International Standard Book Number 1565073606 (bonded indexed)
020 ## - INTERNATIONAL STANDARD BOOK NUMBER
International Standard Book Number 1565073614 (leather indexed)
040 ## - CATALOGING SOURCE
Original cataloging agency DLC
Transcribing agency DLC
Modifying agency DLC
082 00 - DEWEY DECIMAL CLASSIFICATION NUMBER
Classification number 220.5204
Edition information 20
Item number BIB
245 14 - TITLE STATEMENT
Title The international inductive study Bible :
Remainder of title IISB, New American standard.
260 ## - PUBLICATION, DISTRIBUTION, ETC.
Place of publication, distribution, etc. Eugene, Or. :
Name of publisher, distributor, etc. Harvest House,
Date of publication, distribution, etc. c1995.
300 ## - PHYSICAL DESCRIPTION
Extent 48, 2312 p. :
Other physical details ill. (some col.), maps (some col.) ;
Dimensions 25 cm.
906 ## - LOCAL DATA ELEMENT F, LDF (RLIN)
a 7
b cbc
c orignew
d 1
e ocip
f 19
g y-gencatlg
942 ## - ADDED ENTRY ELEMENTS (KOHA)
Source of classification or shelving scheme Dewey Decimal Classification
Koha item type Reference Books
Holdings
Withdrawn status Lost status Source of classification or shelving scheme Damaged status Not for loan Home library Current Library Shelving location Date acquired Total checkouts Full call number Barcode Date last seen Copy number Price effective from Koha item type
    Dewey Decimal Classification     GRACE BIBLE COLLEGE GRACE BIBLE COLLEGE Bible 2018-06-29   220.5204 BIB 005412 2025-05-01 c.1 2018-06-29 Reference Books
    Dewey Decimal Classification     GRACE BIBLE COLLEGE GRACE BIBLE COLLEGE Bible 2018-06-29   220.5204 BIB 013277 2025-05-01 c.2 2018-06-29 Reference Books
© Grace Bible College Library 2025